[Event "Anibal Troilo in memorian"]
[Site "SchemingMind.com"]
[Date "2006.09.18"]
[Round "-"]
[White "orpc"]
[Black "Tahur"]
[Result "1-0"]
[WhiteCountry "GUA"]
[BlackCountry "ARG"]
[WhiteElo "1703"]
[WhiteRD "91"]
[BlackElo "1415"]
[BlackRD "60"]
[GameID "67957"]

1. e4 e5 2. Nf3 Nc6 3. Bc4 Nf6 4. d3 Bc5 5. O-O d6 6. h3 h6 7. Nc3 Bd7 8. a3 a6 9. b4 Bd4 10. Nxd4 exd4
11. Nd5 Nxd5 12. Bxd5 O-O 13. Bb2 Re8 14. Qf3 Qf6 15. Qxf6 gxf6 16. f4 Be6 17. Bxc6 bxc6 18. Bxd4 f5 19. e5 dxe5 20. Bxe5 Rec8
21. Rf3 Kf8 22. Rg3 Ke7 23. Rg7 Bd5 24. c4 Be6 25. Rh7 Rd8 26. Rxh6 Rxd3 27. Bxc7 Rc8 28. Be5 c5= 29. b5 axb5 30. cxb5 Rb3
31. a4 Bd5 32. b6 Rg3 33. Rd1 Rxg2+ 34. Kf1 Bf3 35. Bd6+ Ke8 36. Rh8+ Kd7 37. Bxc5+ Ke6 38. Rxc8 Rh2 39. Re8+ Kf6 40. Rd6+ Kg7
41. Bd4+ f6 42. Rd7+ Kg6 43. Rg8+ Kh5 44. Rh7#
1-0

[Event "Anibal Troilo in memorian"]
[Site "SchemingMind.com"]
[Date "2006.09.18"]
[Round "-"]
[White "Tahur"]
[Black "orpc"]
[Result "0-1"]
[WhiteCountry "ARG"]
[BlackCountry "GUA"]
[WhiteElo "1415"]
[WhiteRD "60"]
[BlackElo "1703"]
[BlackRD "91"]
[GameID "67959"]

1. e4 e5 2. Nf3 Nc6 3. Nc3 Nf6 4. Bb5 a6 5. Bxc6 dxc6 6. Nxe5 Qd4 7. Nf3 Qd8 8. d4 h6 9. Bf4 Bb4 10. Qd3 O-O
11. O-O Re8 12. e5 Nd5 13. Nxd5 cxd5 14. c3 Bf8 15. h3 c6 16. a3 f6 17. exf6 Qxf6 18. Be5 Qd8 19. a4 a5 20. Rfe1 c5
21. dxc5 Bxc5 22. c4 Qb6 23. Re2 Rf8 24. Qxd5+ Be6 25. Qe4 Qb3 26. Qg6 Rf7 27. g4 Qxf3 28. Rc2 Bxf2+ 29. Kf1 Be3+ 30. Ke1 Qf1#
0-1

[Event "Anibal Troilo in memorian"]
[Site "SchemingMind.com"]
[Date "2006.09.18"]
[Round "-"]
[White "apeloverage"]
[Black "orpc"]
[Result "1-0"]
[WhiteCountry "AUS"]
[BlackCountry "GUA"]
[WhiteElo "1437"]
[WhiteRD "108"]
[BlackElo "1657"]
[BlackRD "92"]
[GameID "67974"]

1. e4 e5 2. Nf3 Nc6 3. b3 Nf6 4. d3 h6 5. Bb2 d6 6. g3 Be7 7. h3 O-O 8. g4 b6 9. d4 Nxe4 10. d5 Nd4
11. Nxd4 exd4 12. Bg2 Nxf2 13. Kxf2 Bh4+ 14. Kg1 Bf6 15. Bxd4 Bh4 16. Qd3 Re8 17. Nc3 Bf6 18. Bf3 Bxd4+ 19. Qxd4 Qh4 20. Ne2 Ba6
21. c4 b5 22. Rc1 bxc4 23. bxc4 f5 24. gxf5 Qxd4+ 25. Nxd4 Rab8 26. Ne6 Re7 27. Rc2 Rf7 28. Be4 Rb4 29. Bd3 Rb6 30. Kh2 c5
31. Rg1 Bc8 32. Rcg2 Bxe6 33. dxe6 Re7 34. f6 Rxe6 35. Rxg7+ Kf8 36. f7 Rb2+ 37. Kh1 Re3 38. Bf1 Rxa2 39. Bg2 Rf2 40. Rh7 Rxf7
41. Rxf7+ Kxf7 42. Bd5+ Kf6 43. Rf1+ Kg5 44. Rg1+ Kf6 45. Kh2 Ra3 46. h4 a5 47. h5 a4 48. Rg6+ Kf5 49. Rxh6 Kg5 50. Rxd6 Kxh5
51. Bf7+ Kg4 52. Be6+ Kf4 53. Rd5 Ra2+ 54. Kh3 Re2 55. Bd7 a3 56. Rxc5 a2 57. Ra5
1-0

[Event "Anibal Troilo in memorian"]
[Site "SchemingMind.com"]
[Date "2006.09.18"]
[Round "-"]
[White "apeloverage"]
[Black "Tahur"]
[Result "1-0"]
[WhiteCountry "AUS"]
[BlackCountry "ARG"]
[WhiteElo "1382"]
[WhiteRD "122"]
[BlackElo "1379"]
[BlackRD "63"]
[GameID "67975"]

1. e4 e5 2. Nf3 Nc6 3. b3 Bc5 4. Bb2 d6 5. Bc4 Nf6 6. d3 Ng4 7. d4 exd4 8. Nxd4 Bxd4 9. Bxd4 Nxd4 10. Qxd4 f6
11. f3 c5 12. Qd5 Ne3 13. Qf7#
1-0

[Event "Anibal Troilo in memorian"]
[Site "SchemingMind.com"]
[Date "2006.09.18"]
[Round "-"]
[White "orpc"]
[Black "apeloverage"]
[Result "1-0"]
[WhiteCountry "GUA"]
[BlackCountry "AUS"]
[WhiteElo "1703"]
[WhiteRD "91"]
[BlackElo "1387"]
[BlackRD "100"]
[GameID "67977"]

1. e4 c5 2. Nf3 Nc6 3. Bc4 f6 4. d4 cxd4 5. Nxd4 Nxd4 6. Qxd4 e5 7. Qd5 Qe7 8. O-O Rb8 9. Be3 a6 10. Bb6 Qe6
11. Nc3 Ne7 12. Qxe6 dxe6 13. Rad1 Bd7 14. a4 Rc8 15. Be2 f5 16. f4 Ng6 17. fxe5 Nxe5 18. exf5 exf5 19. Bf3 Nxf3+ 20. Rxf3 g6
21. Re3+ Be7 22. Rde1 Rc6 23. Rxe7+
1-0

[Event "Anibal Troilo in memorian"]
[Site "SchemingMind.com"]
[Date "2006.09.18"]
[Round "-"]
[White "Tahur"]
[Black "apeloverage"]
[Result "0-1"]
[WhiteCountry "ARG"]
[BlackCountry "AUS"]
[WhiteElo "1379"]
[WhiteRD "63"]
[BlackElo "1382"]
[BlackRD "122"]
[GameID "67978"]

1. e4 e5 2. Nf3 Nc6 3. Bc4 f6 4. d3 g5 5. Nc3 a6 6. a3 b5 7. Bd5 Nge7 8. Bxc6 dxc6 9. h3 g4 10. hxg4 Bxg4
11. Bd2 Ng6 12. Be3 Nf4 13. Bxf4 exf4 14. Rh4 f5 15. exf5 Bxf3 16. Qxf3 Qxh4 17. Qe4+ Kd8 18. Qd4+ Bd6 19. Qxh8+ Kd7 20. Qxa8 Qh1+
21. Kd2 Qxa1 22. Qxa6 Qxb2 23. Ne4 Bxa3 24. Ng5 Bb4+ 25. Ke2 Qxc2+ 26. Kf3 Qxd3+ 27. Kg4 Qe2+ 28. f3 Qxg2+ 29. Kxf4 Bd2+ 30. Ke5 Qxg5
31. Qa2 Qf4+ 32. Kf6 Bc3+ 33. Kf7 Qxf5+ 34. Kg8 Qg6+ 35. Kf8 Bb4#
0-1

[Event "Anibal Troilo in memorian"]
[Site "SchemingMind.com"]
[Date "2006.09.18"]
[Round "-"]
[White "milucho"]
[Black "diego"]
[Result "1-0"]
[WhiteCountry "ESP"]
[BlackCountry "ARG"]
[WhiteElo "1505"]
[WhiteRD "98"]
[BlackElo "1294"]
[BlackRD "98"]
[GameID "68008"]

1. c4 c6 2. d4 d5 3. e3 Nf6 4. Nc3 e6 5. Nf3 Bd6 6. c5 Bc7 7. Bd3 Nbd7 8. O-O O-O 9. h3 e5 10. dxe5 Nxe5
11. Nxe5 Bxe5 12. f4 Bc7 13. e4 d4 14. Ne2 Nh5 15. e5 Qh4 16. Rf3 Kh8 17. Bd2 f6 18. Be1 Ng3 19. Bxg3 Qh5 20. Nxd4 fxe5
21. fxe5 Rxf3 22. Qxf3 Qxf3 23. Nxf3 Be6 24. Ng5 Bd5 25. a3 Re8 26. Re1 b6 27. b4 bxc5 28. bxc5 Ba5 29. Re2 h6 30. Nf3 g5
31. Be4 Bxe4 32. Rxe4 Rb8 33. Nd4 Rb1+ 34. Kh2 Bc3 35. Nxc6 Rb3 36. a4
1-0

[Event "Anibal Troilo in memorian"]
[Site "SchemingMind.com"]
[Date "2006.09.18"]
[Round "-"]
[White "milucho"]
[Black "apeloverage"]
[Result "1-0"]
[WhiteCountry "ESP"]
[BlackCountry "AUS"]
[WhiteElo "1536"]
[WhiteRD "98"]
[BlackElo "1382"]
[BlackRD "122"]
[GameID "68009"]

1. e4 e5 2. Nf3 Nc6 3. Bc4 f6 4. Nc3 Bc5 5. O-O Nge7 6. a3 Nd4 7. b4 Nxf3+ 8. Qxf3 Bd4 9. Bb2 c6 10. Na4 b5
11. c3 Bb6 12. Nxb6 axb6 13. Bb3 c5 14. bxc5 bxc5 15. d3 Bb7 16. c4 Bc6 17. Rfc1 Rb8 18. Bc3 b4 19. axb4 cxb4 20. Bd2 O-O
21. g4 d6 22. Ra6 Rb6 23. c5+ Bd5 24. Bxd5+ Nxd5 25. cxb6 Nxb6 26. Bxb4 Nc8 27. Rcc6
1-0

[Event "Anibal Troilo in memorian"]
[Site "SchemingMind.com"]
[Date "2006.09.18"]
[Round "-"]
[White "milucho"]
[Black "orpc"]
[Result "0-1"]
[WhiteCountry "ESP"]
[BlackCountry "GUA"]
[WhiteElo "1475"]
[WhiteRD "93"]
[BlackElo "1703"]
[BlackRD "91"]
[GameID "68010"]

1. c4 e5 2. Nc3 Nf6 3. g3 Bc5 4. Bg2 O-O 5. a3 Ng4 6. Ne4 Bb6 7. c5 d5 8. cxb6 dxe4 9. bxc7 Qxc7 10. Bxe4 f5
11. Bd5+ Kh8 12. Nf3 Qc5 13. O-O Qxd5 14. b4 e4 15. Ne1 f4 16. Ng2 f3 17. exf3 exf3 18. Ne3 Qh5 19. Nxg4 Qxg4 20. d3 Qh3
21. Qxf3 Rxf3 22. Re1 Bd7 23. Ra2 Rxd3 24. Rae2 h6 25. Re3 Bc6 26. f3 Bxf3 27. Rxf3 Rxf3 28. a4 Rc3 29. Be3 Nc6 30. Bc5 Rc2
31. Bf2 Rf8 32. Rf1 Rf5 33. b5 Rh5
0-1

[Event "Anibal Troilo in memorian"]
[Site "SchemingMind.com"]
[Date "2006.09.18"]
[Round "-"]
[White "milucho"]
[Black "Tahur"]
[Result "1-0"]
[WhiteCountry "ESP"]
[BlackCountry "ARG"]
[WhiteElo "1536"]
[WhiteRD "98"]
[BlackElo "1379"]
[BlackRD "63"]
[GameID "68011"]

1. d4 d5 2. Nf3 Nf6 3. e3 Bf5 4. Bd3 Bxd3 5. Qxd3 Nc6 6. Bd2 e6 7. Qb5 Rb8 8. Ne5 Nd7 9. Nxc6 bxc6 10. Qxc6 Rb6
11. Qc3 Bb4 12. Qd3 Bxd2+ 13. Nxd2 Rxb2 14. Nb3 Qf6 15. Qc3 Rxb3 16. cxb3 Qd8 17. O-O h6 18. Rfc1 O-O 19. Qxc7 Qxc7 20. Rxc7 Nf6
21. Rxa7 Ne4 22. Rc1 Re8 23. Rcc7 Rf8 24. a4 Rb8 25. Rab7 Rxb7 26. Rxb7 Kf8 27. a5 Nd6 28. a6 Ke8 29. a7 Nxb7 30. a8=Q+ Ke7
31. Qxb7+ Kf6 32. b4 g5 33. b5 Kg6 34. Qe7 h5 35. b6 Kf5 36. b7 f6 37. b8=Q
1-0

[Event "Anibal Troilo in memorian"]
[Site "SchemingMind.com"]
[Date "2006.09.18"]
[Round "-"]
[White "diego"]
[Black "milucho"]
[Result "0-1"]
[WhiteCountry "ARG"]
[BlackCountry "ESP"]
[WhiteElo "1294"]
[WhiteRD "98"]
[BlackElo "1505"]
[BlackRD "98"]
[GameID "68012"]

1. e4 e5 2. Nf3 Nc6 3. Bb5 d6 4. O-O Nf6 5. Re1 Bd7 6. Nc3 a6 7. Bxc6 Bxc6 8. d4 h6 9. d5 Bb5 10. Nxb5 axb5
11. c3 Be7 12. Be3 Nxe4 13. Bxh6 Nxf2 14. Kxf2 Rxh6 15. Kg1 Bf6 16. a4 bxa4 17. Rxa4 b5 18. Ra3 Rxa3 19. bxa3 Qa8 20. Qb3 Qa4
21. Qxa4 bxa4 22. Rb1 e4 23. Nd4 Bxd4+ 24. cxd4 Rh5 25. Rb5 c6 26. Rb8+ Kd7 27. Rb7+ Kc8 28. dxc6 Rd5 29. Rb4 Ra5 30. Kf2 Kc7
31. Rb7+ Kxc6 32. Rxf7 g6 33. Ke3 d5 34. Rf6+ Kb5 35. Rxg6 Kc4 36. Rg3 Rb5 37. h4 Rb3+ 38. Kf2 Rxg3 39. Kxg3 Kd3 40. h5 e3
41. h6 e2
0-1

[Event "Anibal Troilo in memorian"]
[Site "SchemingMind.com"]
[Date "2006.09.18"]
[Round "-"]
[White "apeloverage"]
[Black "milucho"]
[Result "0-1"]
[WhiteCountry "AUS"]
[BlackCountry "ESP"]
[WhiteElo "1382"]
[WhiteRD "122"]
[BlackElo "1536"]
[BlackRD "98"]
[GameID "68013"]

1. e4 e5 2. Nf3 Nc6 3. b3 Nf6 4. Nc3 d5 5. exd5 Nxd5 6. Nxd5 Qxd5 7. c4 Qe4+ 8. Be2 Nd4 9. Nxd4 exd4 10. f3 Qh4+
11. g3 Qf6 12. h4 d3 13. Bb2 Qxb2 14. Bxd3 Qe5+
0-1

[Event "Anibal Troilo in memorian"]
[Site "SchemingMind.com"]
[Date "2006.09.18"]
[Round "-"]
[White "orpc"]
[Black "milucho"]
[Result "1-0"]
[WhiteCountry "GUA"]
[BlackCountry "ESP"]
[WhiteElo "1703"]
[WhiteRD "91"]
[BlackElo "1475"]
[BlackRD "93"]
[GameID "68014"]

1. e4 e5 2. Nf3 Nc6 3. Bc4 Bc5 4. Bxf7+ Kxf7 5. Nxe5+ Nxe5 6. d4 Bb6 7. dxe5 Qh4 8. Qf3+ Ke7 9. O-O Bd4 10. Nc3 Bxc3
11. Qxc3 c6 12. e6 dxe6 13. Qxg7+ Kd8 14. Qxh8 Qg4 15. Qxh7 Nf6 16. Qf7 Nxe4 17. f3 Qf5 18. fxe4 Qxf7 19. Rxf7 Bd7 20. Bf4 Ke8
21. Rh7 Rc8 22. Rd1
1-0

[Event "Anibal Troilo in memorian"]
[Site "SchemingMind.com"]
[Date "2006.09.18"]
[Round "-"]
[White "Tahur"]
[Black "milucho"]
[Result "1-0"]
[WhiteCountry "ARG"]
[BlackCountry "ESP"]
[WhiteElo "1379"]
[WhiteRD "63"]
[BlackElo "1536"]
[BlackRD "98"]
[GameID "68015"]

1. e4 e5 2. Nf3 Nc6 3. Nc3 Nf6 4. Bb5 d6 5. Bxc6+ bxc6 6. h3 Ba6 7. d3 Qe7 8. Be3 d5 9. exd5 cxd5 10. O-O c5
11. Bg5 Bb7 12. Qe2 e4 13. dxe4 dxe4 14. Nd2 Qe5 15. Bxf6 Qxf6 16. Ncxe4 Bxe4 17. Qxe4+ Qe7 18. Qxa8+ Qd8 19. Qxd8+ Kxd8 20. a3 g6
21. Rfe1 Bg7 22. c3 Kd7 23. Rad1 Kc6 24. Nb3 Kb5 25. Rd7 Kc4 26. Nd2+
1-0

[Event "Anibal Troilo in memorian"]
[Site "SchemingMind.com"]
[Date "2006.09.18"]
[Round "-"]
[White "juanca"]
[Black "diego"]
[Result "1-0"]
[WhiteCountry "ESP"]
[BlackCountry "ARG"]
[WhiteElo "1392"]
[WhiteRD "72"]
[BlackElo "1294"]
[BlackRD "98"]
[GameID "68017"]

1. e4 c5 2. Nf3 Nc6 3. d4 cxd4 4. Nxd4 e5 5. Nxc6 bxc6 6. Nc3 Nf6 7. Bc4 Bc5 8. O-O Qb6 9. Qf3 Bb7 10. Na4 Qa5
11. b3 Bd4 12. Rb1 c5 13. Rd1 Bxe4 14. Qe2 O-O 15. Bg5 Kh8 16. Bxf6 gxf6 17. Qxe4 Rg8 18. Qh4 e4 19. Qh5 e3 20. fxe3 Bxe3+
21. Kh1 d5 22. Qxd5 Qc7 23. Qxf7 Qxf7 24. Bxf7 Rgf8 25. Rd7 Kg7 26. Bd5+ Kh6 27. Bxa8 Rxa8 28. Nc3 a6 29. Nd5 Bd4 30. Ne7 Rf8
31. Nf5+
1-0

[Event "Anibal Troilo in memorian"]
[Site "SchemingMind.com"]
[Date "2006.09.18"]
[Round "-"]
[White "juanca"]
[Black "milucho"]
[Result "1-0"]
[WhiteCountry "ESP"]
[BlackCountry "ESP"]
[WhiteElo "1465"]
[WhiteRD "100"]
[BlackElo "1448"]
[BlackRD "116"]
[GameID "68018"]

1. e4 e5 2. Nf3 Nc6 3. d4 Nxd4 4. Nxd4 exd4 5. Qxd4 c5 6. Qd1 Qc7 7. Nc3 Nf6 8. Bc4 a6 9. O-O Bd6 10. h3 O-O
11. Re1 b5 12. Be2 Bb7 13. Bf3 Rae8 14. Bg5 Re6 15. Bxf6 Rxf6 16. Nd5 Bxd5 17. exd5 Be5 18. c3 a5 19. Qe2 d6 20. Qxb5 Rb8
21. Qa4 Rxb2 22. Qe8#
1-0

[Event "Anibal Troilo in memorian"]
[Site "SchemingMind.com"]
[Date "2006.09.18"]
[Round "-"]
[White "juanca"]
[Black "apeloverage"]
[Result "1-0"]
[WhiteCountry "ESP"]
[BlackCountry "AUS"]
[WhiteElo "1361"]
[WhiteRD "88"]
[BlackElo "1387"]
[BlackRD "100"]
[GameID "68019"]

1. e4 e5 2. Nf3 Nc6 3. Bc4 f6 4. Bxg8 Rxg8 5. O-O g5 6. Nc3 d6 7. d4 Bg4 8. d5 Nd4 9. Be3 Nxf3+ 10. gxf3 Bh3
11. Re1 g4 12. f4 h5 13. f5 h4 14. Kh1 Qe7 15. Ne2 O-O-O 16. Ng1 a6 17. Nxh3 gxh3 18. Qh5 Bg7 19. Qxh4 Rh8 20. Qg4 Rdg8
21. Qe2 Bh6 22. Bxh6 Rxh6 23. Rg1 Rg2 24. Rxg2 hxg2+ 25. Kxg2 Qg7+ 26. Kh1 Qh7 27. f3 Rh3 28. Qg2 Qh5 29. Rf1 b5 30. c3 Rh4
31. b3 Qh6 32. Qg8+ Kb7 33. Rf2 Qc1+ 34. Kg2 Qxc3 35. Qg7 Rf4 36. Qxf6 Qe3 37. Qg5 c5 38. Qe7+ Kb6 39. Qxd6+ Ka5 40. Qxe5 Rh4
41. f6
1-0

[Event "Anibal Troilo in memorian"]
[Site "SchemingMind.com"]
[Date "2006.09.18"]
[Round "-"]
[White "juanca"]
[Black "orpc"]
[Result "0-1"]
[WhiteCountry "ESP"]
[BlackCountry "GUA"]
[WhiteElo "1320"]
[WhiteRD "82"]
[BlackElo "1698"]
[BlackRD "90"]
[GameID "68020"]

1. e4 e5 2. Nf3 Nc6 3. Bc4 Nf6 4. Nc3 Nxe4 5. Nxe4 d5 6. Bxd5 Qxd5 7. d3 Be7 8. O-O O-O 9. b3 Bg4 10. c4 Qd8
11. Bb2 f5 12. Nc3 Nd4 13. Nd5 c6 14. Ne3 Nxf3+ 15. gxf3 Bh3 16. Re1 Bb4 17. Bxe5 Bxe1 18. Qxe1 f4 19. Ng4 Qxd3 20. Qe4 Qxe4
21. fxe4 Bxg4 22. Kg2 Rae8 23. Bd6 Rf6 24. e5 Rg6 25. Kf1 Bf3 26. Rc1 Rh6 27. Rc3 Rh3 28. Ke1 Bg2 29. Rxh3 Bxh3 30. Ke2 Bg2
31. f3 Re6 32. Kf2 Bh3 33. Ke2 Rg6 34. Kd3 Kf7 35. Ke4 Ke6 36. Kxf4 Rg2 37. a3 g5+ 38. Ke3 Rxh2 39. a4 Rb2 40. b4 a5
41. bxa5 Ra2 42. c5 Rxa4 43. Bc7 Kd5 44. Bb6 Kxe5 45. Bc7+ Kd5 46. Bb6 h5 47. Kd3 Bf5+ 48. Ke3 Ra2 49. f4 g4 50. Bc7 h4
51. Bd8 h3
0-1

[Event "Anibal Troilo in memorian"]
[Site "SchemingMind.com"]
[Date "2006.09.18"]
[Round "-"]
[White "juanca"]
[Black "Tahur"]
[Result "0-1"]
[WhiteCountry "ESP"]
[BlackCountry "ARG"]
[WhiteElo "1367"]
[WhiteRD "88"]
[BlackElo "1379"]
[BlackRD "63"]
[GameID "68021"]

1. e4 e5 2. Nf3 Nc6 3. Bc4 Nf6 4. Nc3 Bc5 5. h3 d6 6. Ng5 O-O 7. O-O a6 8. a3 b5 9. Bd5 Nxd5 10. Nxd5 h6
11. Nf3 Be6 12. Nc3 b4 13. axb4 Bxb4 14. Qe2 Bxc3 15. dxc3 d5 16. Rd1 Qe7 17. Rxa6 Rxa6 18. Qxa6 Nb8 19. Qd3 Rd8 20. Nxe5 dxe4
21. Qe2 Rxd1+ 22. Qxd1 Qd6 23. Qxd6 cxd6 24. Ng4 f5 25. Ne3 Nc6 26. b3 d5 27. b4 f4 28. Nd1 g5 29. Nb2 f3 30. gxf3 exf3
31. Na4 Bxh3 32. b5 Na7 33. b6 Nc6 34. b7 Kf8 35. Nc5 Ke7 36. Na6 Kd8 37. b8=Q+ Nxb8 38. Nxb8 Kc7 39. Na6+ Kb6 40. Nb4 Kc5
41. Nd3+ Kc4 42. Bb2 Bf5 43. Ne5+ Kc5 44. Nxf3 Bxc2 45. Ne5 h5 46. Ng6 Bd1 47. Kg2 Bc2 48. Ne5 g4 49. Ng6 Bxg6 50. Kg3 Kc4
51. Kh4 Kb3 52. Kg3 Kxb2
0-1

[Event "Anibal Troilo in memorian"]
[Site "SchemingMind.com"]
[Date "2006.09.18"]
[Round "-"]
[White "diego"]
[Black "juanca"]
[Result "1-0"]
[WhiteCountry "ARG"]
[BlackCountry "ESP"]
[WhiteElo "1339"]
[WhiteRD "106"]
[BlackElo "1320"]
[BlackRD "82"]
[GameID "68022"]

1. e4 e5 2. Nf3 Nc6 3. Bb5 Nf6 4. O-O Bc5 5. c3 O-O 6. Re1 Ng4 7. d4 exd4 8. Nxd4 Nxd4 9. cxd4 Bb4 10. Bd2 Bxd2
11. Nxd2 Nf6 12. e5 Nd5 13. Ne4 d6 14. Bc4 dxe5 15. Qc2 exd4 16. Ng5 Nb4 17. Qxh7#
1-0

[Event "Anibal Troilo in memorian"]
[Site "SchemingMind.com"]
[Date "2006.09.18"]
[Round "-"]
[White "milucho"]
[Black "juanca"]
[Result "1-0"]
[WhiteCountry "ESP"]
[BlackCountry "ESP"]
[WhiteElo "1536"]
[WhiteRD "98"]
[BlackElo "1367"]
[BlackRD "88"]
[GameID "68023"]

1. c4 d6 2. Nc3 Nf6 3. g3 e5 4. Bg2 Be7 5. d4 exd4 6. Qxd4 O-O 7. Ne4 Nxe4 8. Bxe4 Bf6 9. Qd3 h6 10. h4 Nd7
11. Nf3 Nc5 12. Qc2 Bg4 13. O-O Re8 14. Bd3 Nxd3 15. Qxd3 Bxf3 16. Qxf3 c6 17. Rd1 Qe7 18. Qe3 Qxe3 19. Bxe3 Re4 20. Rxd6 Rxc4
21. Rb1 Rc2 22. Rd2 Rxd2 23. Bxd2 Rd8 24. Be3 b6 25. Kg2 c5 26. b3 Bd4 27. Rd1 f6 28. Kf3 f5 29. Rd3 Kf7 30. Bxd4 Rxd4
31. Rxd4 cxd4 32. g4 fxg4+ 33. Kxg4 Ke6 34. Kf4 a5 35. Ke4 Kf6 36. Kxd4 Kf5 37. e4+ Ke6 38. f4 Kd6 39. f5 Kd7 40. Kd5 Ke7
41. e5 Kf7 42. Kd6 g5 43. fxg6+ Kxg6 44. Kd7 Kh5 45. e6 Kxh4 46. e7 Kg3 47. e8=Q h5 48. Qxh5
1-0

[Event "Anibal Troilo in memorian"]
[Site "SchemingMind.com"]
[Date "2006.09.18"]
[Round "-"]
[White "apeloverage"]
[Black "juanca"]
[Result "1-0"]
[WhiteCountry "AUS"]
[BlackCountry "ESP"]
[WhiteElo "1387"]
[WhiteRD "100"]
[BlackElo "1361"]
[BlackRD "88"]
[GameID "68024"]

1. e4 e5 2. Nf3 Nc6 3. c3 Nf6 4. d3 Bc5 5. b4 Bb6 6. a4 a6 7. a5 Ba7 8. Bg5 O-O 9. Qd2 d6 10. h4 Bg4
11. h5 h6 12. Bxf6 Qxf6 13. Be2 Ne7 14. Na3 d5 15. Rb1 dxe4 16. dxe4 Rad8 17. Qc2 Bxf3 18. gxf3 Qg5 19. Rd1 Rxd1+ 20. Bxd1 Qg2
21. Rf1 f5 22. Qd3 fxe4 23. Qxe4 Qg5 24. Qxb7 Nc8 25. Qxa6 Qxh5 26. Qc4+ Qf7 27. Qxf7+ Rxf7 28. Bb3 Nd6 29. Bxf7+ Kxf7 30. c4 Nf5
31. c5 Nd4 32. Kd2 Nxf3+ 33. Ke3 Nd4 34. f4 Ke6 35. Ke4 Nc6 36. f5+ Kf6 37. Nc2 Bb8 38. a6 Ne7 39. b5 Ba7 40. c6 Nc8
41. Rd1 Nd6+ 42. Kd5 Nxb5 43. Re1 Bd4 44. Nxd4 Nxd4 45. a7 Nxf5 46. Rxe5 Ne7+ 47. Rxe7 Kxe7 48. a8=Q g5 49. Qc8 h5 50. Qxc7+ Kf6
51. Qd6+ Kf5 52. Qe6+ Kf4 53. Qe5+ Kg4 54. Ke6 h4 55. Qf5+ Kh5 56. Kf6 h3 57. Qxg5#
1-0

[Event "Anibal Troilo in memorian"]
[Site "SchemingMind.com"]
[Date "2006.09.18"]
[Round "-"]
[White "orpc"]
[Black "juanca"]
[Result "1/2-1/2"]
[WhiteCountry "GUA"]
[BlackCountry "ESP"]
[WhiteElo "1657"]
[WhiteRD "92"]
[BlackElo "1392"]
[BlackRD "72"]
[GameID "68025"]

1. e4 e5 2. Nf3 Nc6 3. Bc4 Nd4 4. Nxe5 Qg5 5. O-O Qxe5 6. d3 Nf6 7. c3 Nc6 8. Nd2 Be7 9. Nf3 Qh5 10. Qe1 O-O
11. b4 a6 12. e5 Ng4 13. h3 Ngxe5 14. Nxe5 Nxe5 15. Bf4 Bd6 16. Qe4 Nxc4 17. dxc4 Bxf4 18. Qxf4 d6 19. Rae1 Be6 20. a4 Bxc4
21. Qxc4 c6 22. Re7 Rab8 23. Rfe1 h6 24. Qd4 d5 25. Qb6 Qg5 26. Rxb7 Rxb7 27. Qxb7 Qd2 28. Re3 d4 29. cxd4 Qxd4 30. Qxc6 Qxb4
31. Qxa6 Qb1+ 32. Kh2 Qa1 33. a5 Qd4 34. Qb5 Kh7 35. a6 Ra8 36. Qc6 Ra7 37. Rb3 Qxf2 38. Rb7 Ra8 39. Rxf7 Qxf7 40. Qxa8 Qf4+
41. Kh1 Qf1+ 42. Kh2 Qf4+ 43. g3 Qf2+ 44. Qg2 Qa7 45. Qb7 Qf2+ 46. Qg2 Qa7 47. Qe2 Kg8 48. Kg2 Qa8+ 49. Kh2 Qa7 50. h4 Kh7
51. Qe4+ Kg8 52. Qb7 Qf2+ 53. Kh3 Qf5+ 54. Kg2 Qc2+ 55. Kh3 Qf5+ 56. g4 Qd3+ 57. Kg2 Qe2+ 58. Kg3 Qd3+ 59. Kf4 Qc4+ 60. Ke5 Qc3+
61. Kd6 Qf6+ 62. Kc7 Qe7+ 63. Kb6 Qe6+ 64. Kc7 Qe7+ 65. Kc8=
1/2-1/2

[Event "Anibal Troilo in memorian"]
[Site "SchemingMind.com"]
[Date "2006.09.18"]
[Round "-"]
[White "Tahur"]
[Black "juanca"]
[Result "0-1"]
[WhiteCountry "ARG"]
[BlackCountry "ESP"]
[WhiteElo "1379"]
[WhiteRD "63"]
[BlackElo "1367"]
[BlackRD "88"]
[GameID "68026"]

1. e4 e5 2. Nf3 Nc6 3. Bc4 Nf6 4. Nc3 Bc5 5. d3 Ng4 6. O-O O-O 7. h3 Nf6 8. a3 Bd4 9. Nxd4 Nxd4 10. Be3 Nc6
11. d4 exd4 12. Bxd4 d6 13. Re1 Re8 14. Bxf6 Qxf6 15. Nd5 Rb8 16. Nxc7 Re7 17. Nd5 Qe5 18. Nxe7+ Qxe7 19. c3 Qg5 20. Qa4 h6
21. Bd5 Bd7 22. Bxc6 Bxc6 23. Qxa7 Re8 24. f3 Qd2 25. Rab1 Re6 26. Qb8+ Kh7 27. Qf8 Rg6 28. g4 Rf6 29. Red1 Qe3+ 30. Kg2 Qxf3+
31. Kg1 Bxe4 32. Rf1 Qg2#
0-1

[Event "Anibal Troilo in memorian"]
[Site "SchemingMind.com"]
[Date "2006.09.18"]
[Round "-"]
[White "Guillote"]
[Black "juanca"]
[Result "1-0"]
[WhiteCountry "ARG"]
[BlackCountry "ESP"]
[WhiteElo "1577"]
[WhiteRD "98"]
[BlackElo "1367"]
[BlackRD "88"]
[GameID "68028"]

1. e4 e5 2. Nf3 Nc6 3. Nc3 Nf6 4. Bc4 h6 5. d3 Bc5 6. h3 O-O 7. O-O Nd4 8. a3 Re8 9. Nb5 c6 10. Nbxd4 Bxd4
11. c3 Bb6 12. Nxe5 Rxe5 13. Bf4 Re8 14. e5 Nd5 15. Bh2 Ne7 16. Kh1 Ng6 17. Qf3 Nxe5 18. Bxe5 Rxe5 19. Qxf7+ Kh8 20. f4 Re2
21. Rab1 Bc7 22. f5 Qh4 23. Qg8#
1-0

[Event "Anibal Troilo in memorian"]
[Site "SchemingMind.com"]
[Date "2006.09.18"]
[Round "-"]
[White "Guillote"]
[Black "milucho"]
[Result "0-1"]
[WhiteCountry "ARG"]
[BlackCountry "ESP"]
[WhiteElo "1577"]
[WhiteRD "98"]
[BlackElo "1536"]
[BlackRD "98"]
[GameID "68030"]

1. e4 e5 2. Nf3 Nc6 3. Bb5 a6 4. Bxc6 dxc6 5. Nxe5 Nf6 6. Nc3 Bd6 7. Nf3 Ng4 8. d3 Ne5 9. Nxe5 Bxe5 10. Bd2 O-O
11. O-O Be6 12. Rb1 b5 13. Ne2 Bxa2 14. Ra1 Be6 15. c3 Qxd3 16. Nc1 Qxe4 17. Qe2 Bd5 18. Qxe4 Bxe4 19. Na2 Bd6 20. Be3 Bd5
21. Nc1 c5 22. Nd3 Bc4 23. Rad1 a5 24. Rfe1 b4 25. Bxc5 bxc3 26. Bxd6 cxd6 27. bxc3 a4 28. Nb4 Rfe8 29. Rxe8+ Rxe8 30. h3 d5
31. Nxd5 Bxd5 32. Rxd5 Ra8 33. c4 a3 34. Rd1 a2 35. Ra1 Kf8 36. Kf1 Ke7 37. Ke2 Kd6 38. Kd3 Kc5 39. f4 f5 40. h4 Ra3+
41. Kc2 Kxc4 42. Kb2 Ra7 43. Rxa2 Rxa2+ 44. Kxa2 Kd4 45. Kb2 Ke3 46. Kc2 Kxf4 47. Kd2 Kg3 48. Ke3 Kg4 49. h5 Kxh5 50. Kf4 Kg6
51. g3 h5 52. Kf3 Kg5 53. Kf2 Kg4 54. Kg2 g5 55. Kh2 h4 56. gxh4 Kxh4 57. Kg2 g4 58. Kh2 f4 59. Kg2 f3+ 60. Kh2 g3+
61. Kg1 Kh3
0-1

[Event "Anibal Troilo in memorian"]
[Site "SchemingMind.com"]
[Date "2006.09.18"]
[Round "-"]
[White "Guillote"]
[Black "apeloverage"]
[Result "1-0"]
[WhiteCountry "ARG"]
[BlackCountry "AUS"]
[WhiteElo "1577"]
[WhiteRD "98"]
[BlackElo "1382"]
[BlackRD "122"]
[GameID "68031"]

1. e4 e5 2. Nf3 Nc6 3. Bb5 f6 4. Nc3 a6 5. Ba4 b5 6. Bb3 Bb7 7. d3 Nd4 8. Be3 c5 9. Bd5 Rb8 10. Bxg8 Rxg8
11. a4 b4 12. Nd5 a5 13. O-O g5 14. Nd2 Bxd5 15. exd5 f5 16. Bxd4 cxd4 17. Qh5+ Rg6 18. f4 d6 19. fxe5 dxe5 20. Rxf5 Qxd5
21. Re1 Bd6 22. Ne4 g4 23. Nxd6+ Qxd6 24. Rexe5+ Kd7 25. Rd5
1-0

[Event "Anibal Troilo in memorian"]
[Site "SchemingMind.com"]
[Date "2006.09.18"]
[Round "-"]
[White "Guillote"]
[Black "orpc"]
[Result "0-1"]
[WhiteCountry "ARG"]
[BlackCountry "GUA"]
[WhiteElo "1532"]
[WhiteRD "95"]
[BlackElo "1703"]
[BlackRD "91"]
[GameID "68032"]

1. e4 e5 2. Nf3 Nc6 3. Bb5 a6 4. Bxc6 dxc6 5. Nxe5 Qd4 6. Nf3 Qb6 7. Nc3 Be6 8. d3 O-O-O 9. Be3 Qxb2 10. Bd2 Qa3
11. O-O Nf6 12. Qe2 Qc5 13. a4 a5 14. Ng5 Re8 15. Rab1 h6 16. Nxe6 Rxe6 17. Rb3 Bd6 18. Rfb1 b6 19. Be3 Qe5 20. d4 Qxh2+
0-1